|
|
|
|
| LEADER |
00000cam a22000004a 4500 |
| 001 |
musev2_23745 |
| 003 |
MdBmJHUP |
| 005 |
20230905042528.0 |
| 006 |
m o d |
| 007 |
cr||||||||nn|n |
| 008 |
151017s2011 inu o 00 0 eng d |
| 020 |
|
|
|a 9781614878933
|
| 020 |
|
|
|z 1614878935
|
| 020 |
|
|
|z 9780865978041
|
| 035 |
|
|
|a (OCoLC)849937218
|
| 040 |
|
|
|a MdBmJHUP
|c MdBmJHUP
|
| 041 |
1 |
|
|a eng
|h lat
|
| 100 |
1 |
|
|a Molesworth, Robert.
|
| 245 |
1 |
0 |
|a An Account of Denmark
|
| 264 |
|
1 |
|a Indianapolis :
|b Liberty Fund Inc.,
|c 2011.
|
| 264 |
|
3 |
|a Baltimore, Md. :
|b Project MUSE,
|c 2014
|
| 264 |
|
4 |
|c ©2011.
|
| 300 |
|
|
|a 1 online resource (450 pages).
|
| 336 |
|
|
|a text
|b txt
|2 rdacontent
|
| 337 |
|
|
|a computer
|b c
|2 rdamedia
|
| 338 |
|
|
|a online resource
|b cr
|2 rdacarrier
|
| 490 |
0 |
|
|a Thomas Hollis Library
|
| 505 |
0 |
|
|a Contents -- The Thomas Hollis Library -- Introduction -- Editorial Apparatus -- Bibliographical Descriptions -- Textual Policy -- List of Sources -- Further Reading -- Acknowledgments -- An Account of Denmark -- Franco-Gallia: or, an account of the Ancient Free State of France -- Some Considerations for the Promoting of Agriculture and Employing the Poor -- Appendix 1 -- Appendix 2 -- Index
|
| 588 |
|
|
|a Description based on print version record.
|
| 650 |
|
7 |
|a Representative government and representation.
|2 fast
|0 (OCoLC)fst01094941
|
| 650 |
|
7 |
|a Poor.
|2 fast
|0 (OCoLC)fst01071040
|
| 650 |
|
7 |
|a Politics and government.
|2 fast
|0 (OCoLC)fst01919741
|
| 650 |
|
7 |
|a Constitutional history.
|2 fast
|0 (OCoLC)fst00875777
|
| 650 |
|
7 |
|a Agriculture.
|2 fast
|0 (OCoLC)fst00801355
|
| 650 |
|
6 |
|a Gouvernement representatif
|v Ouvrages avant 1800.
|
| 650 |
|
6 |
|a Pauvres
|z Irlande
|v Ouvrages avant 1800.
|
| 650 |
|
6 |
|a Agriculture
|z Irlande
|v Ouvrages avant 1800.
|
| 650 |
|
6 |
|a Histoire constitutionnelle
|z France
|v Ouvrages avant 1800.
|
| 650 |
|
0 |
|a Representative government and representation
|v Early works to 1800.
|
| 650 |
|
0 |
|a Poor
|z Ireland
|v Early works to 1800.
|
| 650 |
|
0 |
|a Agriculture
|z Ireland
|v Early works to 1800.
|
| 650 |
|
0 |
|a Constitutional history
|z France
|v Early works to 1800.
|
| 651 |
|
7 |
|a Ireland.
|2 fast
|0 (OCoLC)fst01205427
|
| 651 |
|
7 |
|a France.
|2 fast
|0 (OCoLC)fst01204289
|
| 651 |
|
7 |
|a Denmark.
|2 fast
|0 (OCoLC)fst01204558
|
| 651 |
|
6 |
|a France
|x Politique et gouvernement
|v Ouvrages avant 1800.
|
| 651 |
|
6 |
|a Danemark
|x Histoire
|y 1670-1699 (Christian V)
|
| 651 |
|
6 |
|a Danemark
|x Politique et gouvernement
|v Ouvrages avant 1800.
|
| 651 |
|
0 |
|a France
|x Politics and government
|v Early works to 1800.
|
| 651 |
|
0 |
|a Denmark
|x History
|y Christian V, 1670-1699.
|
| 651 |
|
0 |
|a Denmark
|x Politics and government
|v Early works to 1800.
|
| 655 |
|
7 |
|a History.
|2 fast
|0 (OCoLC)fst01411628
|
| 655 |
|
7 |
|a Early works.
|2 fast
|0 (OCoLC)fst01411636
|
| 655 |
|
7 |
|a Electronic books.
|2 local
|
| 710 |
2 |
|
|a Project Muse.
|e distributor
|
| 830 |
|
0 |
|a Book collections on Project MUSE.
|
| 856 |
4 |
0 |
|z Texto completo
|u https://projectmuse.uam.elogim.com/book/23745/
|
| 945 |
|
|
|a Project MUSE - Custom Collection
|
| 945 |
|
|
|a Project MUSE - Archive Complete Supplement II
|
| 945 |
|
|
|a Project MUSE - Archive History Supplement II
|